Public relations Teorie a praxe

Salvato in:
Dettagli Bibliografici
Autore principale: Lesly, Philip
Altri autori: Jurnečka, Stanislav
Natura: Libro
Lingua:ceco
Pubblicazione: Praha Victoria Publ. 1995
Edizione:1. vyd.
Soggetti:
Tags: Aggiungi Tag
Nessun Tag, puoi essere il primo ad aggiungerne!!

MARC

LEADER 00000nam a2200000 4500
001 c011758
005 20221205133443.0
020 |a 80-85865-15-7 
041 0 |a cze 
044 |a CZ 
245 1 0 |a Public relations  |b Teorie a praxe  |c Philip Lesly ; [Z angl. prel.] Stanislav Jurnečka 
250 |a 1. vyd. 
264 1 |a Praha  |b Victoria Publ.  |c 1995 
300 |a 240 s. 
610 2 0 |a práca s verejnosťou 
610 2 0 |a komunikácia 
610 2 0 |a prostriedky masovokomunikačné 
100 1 |a Lesly, Philip 
700 1 |a Jurnečka, Stanislav